000
00452nam a2200145Ia 4500
008
090122s9999 xx 000 0 und d
082
_b
5201
_a
808.899282
100
_a
मंगळवेढेकर
_b
राजा
245
_a
कथकळी केरळ
600
_a
मंगळवेढेकर
630
_a
कथकळी केरळ
700
_a
मंगळवेढेकर
730
_a
कथकळी केरळ
942
_c
BOOK
999
_c
29279
_d
29279